Central Library OPAC University of Rajshahi

Thinking philosophically: (Record no. 1130)

MARC details
000 -LEADER
fixed length control field 00785cam a2200289 4500
001 - CONTROL NUMBER
control field 1130
003 - CONTROL NUMBER IDENTIFIER
rucl marc code BD-RjUL
005 - DATE AND TIME OF LATEST TRANSACTION
control field 20211208233259.0
008 - FIXED-LENGTH DATA ELEMENTS--GENERAL INFORMATION
fixed length control field s1969 nyu b 000 0 eng
020 ## - INTERNATIONAL STANDARD BOOK NUMBER
International Standard Book Number 70111339
035 ## - SYSTEM CONTROL NUMBER
System control number (BD-RjUL)1152
040 ## - CATALOGING SOURCE
Original cataloging agency DLC
Transcribing agency DLC
Modifying agency DLC
Language of cataloging eng
041 ## - LANGUAGE CODE
Language code of text/sound track or separate title eng
082 00 - DEWEY DECIMAL CLASSIFICATION NUMBER
Classification number 100
Edition number 16
Author mark and year VIT 1968
100 1# - MAIN ENTRY--PERSONAL NAME
Personal name Vivian, Frederick.
9 (RLIN) 3334
245 10 - TITLE STATEMENT
Title Thinking philosophically:
Remainder of title an introduction for students/
Statement of responsibility, etc. Frederick Vivian
260 ## - PUBLICATION, DISTRIBUTION, ETC. (IMPRINT)
Place of publication, distribution, etc. New York:
Name of publisher, distributor, etc. Basic Books
Date of publication, distribution, etc. 1968
300 ## - PHYSICAL DESCRIPTION
Pagination viii, 183 p.
Size 22 cm.
350 ## - PRICE (NR) (BK AM CF MU VM SE) [OBSOLETE]
Price 5.95
490 0# - SERIES STATEMENT
Series statement Culture & discovery
504 ## - BIBLIOGRAPHY, ETC. NOTE
Bibliography, etc Bibliography: p. 183.
526 ## - STUDY PROGRAM INFORMATION NOTE
Requested Dept. Philosophy
650 #0 - SUBJECT ADDED ENTRY--TOPICAL TERM
Topical term or geographic name as entry element Philosophy
Form subdivision Introductions.
9 (RLIN) 2771
942 ## - ADDED ENTRY ELEMENTS (KOHA)
Source of classification or shelving scheme Dewey Decimal Classification
Koha item type Books
Holdings
Lost status Source of classification or shelving scheme Damaged status Not for loan Collection code Permanent Location Current Location Shelving location Date acquired Source of acquisition Cost, normal purchase price Total Checkouts Full call number Date last seen Copy number Koha item type
  Dewey Decimal Classification   Not For Loan Non-fiction Central Library, University of Rajshahi Central Library, University of Rajshahi Reading Room 03/04/1974 Euro Bangladesh agency 1.64   100 VIT 1968 24/11/2013 C-1 Books